| 000 | 02162nam a22003257a 4500 | ||
|---|---|---|---|
| 999 |
_c21762 _d21762 |
||
| 003 | AR-CdUCM | ||
| 008 | 190425b ||||| |||| 00| 0 spa d | ||
| 040 |
_aMUNICIPALIDAD PROVINCIAL DEL CUSCO _cBIBLIOTECA MUNICIPAL DEL CUSCO |
||
| 082 | _aRev.Univ/N°108/1955 | ||
| 110 |
_aUniversidad Nacional de San Antonio Abad del Cusco _915942 |
||
| 245 |
_aRevista Universitaria : _bÓrgano de la Universidad del Cuzco / |
||
| 260 |
_aCusco : _bH.G. Rozas, _c1955. |
||
| 300 |
_a333 páginas. : _c20 cm. |
||
| 440 |
_aRevista Universitaria _nAño XLIV, 1° semestre 1955, N°108. _946001 |
||
| 505 | _aContenido: Poder adquisitivo del sol peruano en la ciudad del Cuzco. Gustavo Núñez del Prado. -- Un estudio sobre la conciencia y lo extraconciente. Daniel E. Castillo. -- La substancia del mundo. Humberto Vidal Unda. -- Las fuentes de estética. Domingo Velasco Astete. -- Aplicaciones del método del ion electrón. Oswaldo Baca Mendoza. -- La Ccollpa. Juvenal Salas Rodríguez. -- Un caso de la sinopsis occipito atloidea. Juvenal Pezo Benavente. -- El fósil Glyptodonte hallado en el Cuzco. Carlos Kalafatovich. -- Apuntes para una Ornitología cuzqueña. Jorge Chávez Chaparro. -- Las papas subperuanas. César Vargas. -- La verdadera posición sistemática del Inga Feuillei DC (pacae). Felipe Marín Moreno. -- Elaboración y análisis estadístico de la natalidad legítima e ilegítima en el distrito del Cuzco. -- Procedimiento de demostración de proposiciones de Geometría basado en las propiedades de los segmentos orientados. Isaac Velasco Quintanilla. | ||
| 650 |
_aEconomía cusqueña _99131 |
||
| 650 |
_aPsicología _91538 |
||
| 650 |
_aPaleontología _923320 |
||
| 650 |
_aBotánica cusqueña _945807 |
||
| 700 |
_aNúñez del Prado, Gustavo _924114 |
||
| 700 |
_aVidal Unda, Humberto _945978 |
||
| 700 |
_aBaca Mendoza, Oswaldo _929966 |
||
| 700 |
_aSalas Rodríguez, Juvenal _946002 |
||
| 700 |
_aKalafatovich, Carlos _945994 |
||
| 700 |
_aChávez Chaparro, Jorge _945974 |
||
| 700 |
_aVelasco Quintanilla, Isaac _946003 |
||
| 710 |
_aUniversidad Nacional de San Antonio Abad del Cusco _915942 |
||
| 942 |
_2ddc _cPP |
||
| 945 | _arac | ||